000 01089nam0a22002771 4500
001 rc\2768301
005 20250805160813.4
035 _a(NLR Aleph) 006894716
090 _a7184281
_c7184281
100 _a20110915d1941 |||y0rusy50 ca
101 0 _arus
102 _aRU
105 _aa z |||||
200 1 _aПропаганда безопасных методов работы
_fА. Алексеев, Б. Фарберова
_gПод общ. ред. дир. Ин-та т. Дмитришена
_gВЦСПС. Всесоюз. науч.-исслед. ин-т охраны труда и машиностроительной промышленности
210 _aМосква
_cПрофиздат
_d1941
215 _a77, [3] с.
_cил.
_d19 см.
700 1 _aАлексеев
_bА. А.
701 1 _aФарберова
_bБ.
702 1 _aДмитришен
_4340
801 0 _aRU
_bNLR
_gpsbo
801 1 _aRU
_bELAR
_2rusmarc
852 _aNLR
_jТ10 Г-4/28
942 _cBOOK
945 _aРоссийская национальная библиотека
980 _aNB
980 _aBV